[Event "DRUZYNOWE MISTRZOSTWA POLSKI JUNIOROW - II LIGA"]
[Site "Szczyrk, CKiR Orle Gniazdo ul. Wrzosowa 28a"]
[Date "2014-07-26"]
[Round "3.77"]
[White "Wloch, Dominika"]
[Black "Reda, Lucja"]
[Result "0-1"]
[WhiteTitle "II"]
[BlackTitle "II"]
[WhiteElo "1235"]
[BlackElo "1244"]

1. e4 e5 2. Nf3 Nc6 3. Bc4 Bc5 4. d3 h6 5. O-O Nf6 6. Nc3 d6 7. h3 Be6 8. Bb3 Qd7
9. Kh2 O-O 10. Be3 Bb6 11. d4 exd4 12. Nxd4 Bxb3 13. axb3 Rfe8 14. Nxc6 Bxe3 15.
fxe3 Qxc6 16. Qf3 Re7 17. Rad1 Rf8 18. Rd4 Re5 19. Rf2 a6 20. Nd5 Nxe4 21. Rxe4
Qxd5 22. Rf4 Qxf3 23. R2xf3 f6 24. Rc4 c5 25. b4 b5 26. Rcf4 Rfe8 27. bxc5 dxc5
28. Rf5 c4 29. Rxe5 Rxe5 30. Kg1 a5 31. Kf2 b4 32. Rf4 Rc5 33. Ke2 a4 34. Rf1
b3 35. c3 a3 36. bxa3 Ra5 37. Rb1 Rxa3 38. Kd2 Ra2+ 39. Ke1 Kf7 40. g4 Ke6 41.
Kd1 Ke5 42. Kc1 Rc2+ 43. Kd1 Rxc3 44. h4 Rxe3 45. Kd2 Rd3+ 46. Ke2 Kd4 47. g5
fxg5 48. hxg5 hxg5 49. Ke1 g4 0-1

[Event "DRUZYNOWE MISTRZOSTWA POLSKI JUNIOROW - II LIGA"]
[Site "Szczyrk, CKiR Orle Gniazdo ul. Wrzosowa 28a"]
[Date "2014-07-26"]
[Round "3.79"]
[White "Zylka, Stanislaw"]
[Black "Nun, Grzegorz"]
[Result "1/2-1/2"]
[WhiteTitle "I++"]
[BlackTitle "I"]
[WhiteElo "1931"]
[BlackElo "1907"]

1. e4 c5 2. Nf3 Nc6 3. Bb5 g6 4. O-O Bg7 5. c3 e5 6. d3 Nge7 7. Be3 Qb6 8. Na3
O-O 9. Re1 d6 10. Rc1 a6 11. Nc4 Qc7 12. Bxc6 Nxc6 13. d4 b5 14. Na3 Ne7 15. dxe5
dxe5 16. Nd2 Be6 17. Qe2 Rfd8 18. b3 Rd7 19. Rcd1 Rad8 20. Nf1 Rxd1 21. Rxd1 Rxd1
22. Qxd1 Nc8 23. Nb1 c4 24. b4 Qd6 25. Qxd6 Nxd6 26. Nbd2 Bd7 27. f3 Bf6 28. Kf2
Nb7 29. Bb6 Bd8 30. Bxd8 Nxd8 31. Ne3 Be6 32. Ke2 Kf8 33. Kd1 Ke7 34. Kc2 Kd6
35. Kb2 f6 36. Kc2 Nb7 37. Kd1 Nd8 38. Kc2 Nb7 39. Kd1 Nd8 40. Kc2 Nb7 41. Kd1
1/2-1/2

[Event "DRUZYNOWE MISTRZOSTWA POLSKI JUNIOROW - II LIGA"]
[Site "Szczyrk, CKiR Orle Gniazdo ul. Wrzosowa 28a"]
[Date "2014-07-26"]
[Round "3.80"]
[White "Czerniawski, Krzysztof"]
[Black "Beczala, Pawel"]
[Result "1/2-1/2"]
[WhiteTitle "I"]
[BlackTitle "II+"]
[WhiteElo "1761"]
[BlackElo "1711"]

1. e4 c5 2. Nf3 g6 3. d4 cxd4 4. Nxd4 Nc6 5. c4 Nf6 6. Nc3 d6 7. Be2 Nxd4 8. Qxd4
Bg7 9. Be3 O-O 10. Qd2 Be6 11. O-O Qa5 12. Rac1 Rfe8 13. f3 Rac8 14. b3 a6 15.
Rfd1 Nd7 16. Nd5 Qxd2 17. Bxd2 Bxd5 18. cxd5 Bb2 19. Rxc8 Rxc8 20. Bh6 Bg7 21.
Rc1 Rxc1+ 22. Bxc1 Bd4+ 23. Kf1 Kg7 24. Bd3 Nc5 25. Ke2 Kf6 26. Be3 Bxe3 27. Kxe3
Nxd3 28. Kxd3 Ke5 29. g3 g5 30. Ke3 Kf6 31. Kd4 e5+ 32. Kc4 Kg6 33. g4 Kf6 34.
b4 b6 35. b5 a5 36. a4 Kg6 37. h3 h5 38. Kc3 h4 39. Kd3 f6 40. Kc4 Kf7 41. Kd3
Ke7 1/2-1/2

[Event "DRUZYNOWE MISTRZOSTWA POLSKI JUNIOROW - II LIGA"]
[Site "Szczyrk, CKiR Orle Gniazdo ul. Wrzosowa 28a"]
[Date "2014-07-26"]
[Round "3.81"]
[White "Walter, Szymon"]
[Black "Fudalej, Slawomir"]
[Result "1-0"]
[WhiteTitle "I++"]
[BlackTitle "I"]
[WhiteElo "2022"]
[BlackElo "1615"]

1. e4 e5 2. d4 exd4 3. Nf3 Nc6 4. Bc4 Bc5 5. c3 Nf6 6. cxd4 Bb4+ 7. Bd2 Bxd2+ 8.
Nbxd2 d5 9. exd5 Nxd5 10. Qb3 Nce7 11. O-O O-O 12. Rfe1 c6 13. Ne4 Qb6 14. Nc5
Qxb3 15. Bxb3 b6 16. Ne4 a5 17. Ne5 a4 18. Bc4 Ba6 19. Bxa6 Rxa6 20. Rac1 b5 21.
a3 f6 22. Nf3 Rd8 23. Nc3 Nxc3 24. Rxe7 Kf8 25. Re3 Nd5 26. Re6 Nf4 27. Re4 Nd3
28. Rc2 Re8 29. Rxe8+ Kxe8 30. g3 c5 31. dxc5 Rc6 32. Rc3 Nxb2 33. Nd4 Rc8 34.
Nxb5 Rb8 35. c6 Nd1 36. c7 Rc8 37. Rc1 Kd7 38. Rxd1+ Ke7 39. Kg2 g5 40. Rd4 f5
41. Rxa4 Kd7 42. Rd4+ Ke7 43. a4 Ra8 44. Nd6 Kd7 45. c8=Q+ Rxc8 46. Nxc8+ Kxc8
47. Rb4 1-0

[Event "DRUZYNOWE MISTRZOSTWA POLSKI JUNIOROW - II LIGA"]
[Site "Szczyrk, CKiR Orle Gniazdo ul. Wrzosowa 28a"]
[Date "2014-07-26"]
[Round "3.84"]
[White "Raczykowska, Paulina"]
[Black "Buchta, Agnieszka"]
[Result "1-0"]
[WhiteTitle "II+"]
[BlackTitle "II+"]
[WhiteElo "1242"]
[BlackElo "1371"]

1. e4 c5 2. Nf3 e6 3. d4 cxd4 4. Nxd4 Nf6 5. Nc3 Nc6 6. Be3 Bb4 7. Bd3 d5 8. Nxc6
bxc6 9. exd5 cxd5 10. Bd2 O-O 11. O-O Bd6 12. h3 Bd7 13. Ne2 Be5 14. c3 Qb6 15.
b3 Rfc8 16. Qc2 Bb5 17. Rac1 Bxd3 18. Qxd3 Ne4 19. Be3 Qa5 20. c4 Nc5 21. Qb1
Na6 22. cxd5 Rxc1 23. Rxc1 Qxd5 24. Bxa7 Nb4 25. Be3 Qa5 26. Rc5 Qa6 27. Rxe5
Qxe2 28. Qe4 Rb8 29. Ra5 Nd5 30. Qe5 Rd8 31. Ra4 h6 32. Rg4 Nf6 33. Rxg7+ 1-0

[Event "DRUZYNOWE MISTRZOSTWA POLSKI JUNIOROW - II LIGA"]
[Site "Szczyrk, CKiR Orle Gniazdo ul. Wrzosowa 28a"]
[Date "2014-07-26"]
[Round "3.85"]
[White "Rudecki, Bartosz"]
[Black "Lapaj, Mateusz"]
[Result "0-1"]
[WhiteTitle "II+"]
[BlackTitle "I++"]
[WhiteElo "1578"]
[BlackElo "2135"]

1. e4 c5 2. Nc3 Nc6 3. f4 g6 4. g3 Bg7 5. Nf3 e6 6. Bg2 Nge7 7. O-O d6 8. d3 O-O
9. Be3 Nd4 10. Qd2 Rb8 11. Nd1 b5 12. c3 Nxf3+ 13. Bxf3 b4 14. d4 bxc3 15. bxc3
cxd4 16. Bxd4 Nc6 17. Bxg7 Kxg7 18. Ne3 Qb6 19. Kh1 Rd8 20. Rfd1 Ba6 21. Ng4 h5
22. Ne3 Qc5 23. g4 Rb2 24. Qxb2 Qxe3 25. Qg2 Qxf4 26. gxh5 Ne5 27. Be2 Bb7 28.
Rd4 f5 29. Rf1 Qe3 30. Rf3 Qc1+ 31. Rf1 Qxc3 32. Rc4 Qxc4 33. Bxc4 Bxe4 34. Bxe6
Bxg2+ 35. Kxg2 Kf6 0-1

[Event "DRUZYNOWE MISTRZOSTWA POLSKI JUNIOROW - II LIGA"]
[Site "Szczyrk, CKiR Orle Gniazdo ul. Wrzosowa 28a"]
[Date "2014-07-26"]
[Round "3.86"]
[White "Rosicki, Marcin"]
[Black "Gajewski, Marcin"]
[Result "1-0"]
[WhiteTitle "I"]
[BlackTitle "II"]
[WhiteElo "1776"]
[BlackElo "1415"]

1. a3 c5 2. c4 g6 3. g3 Bg7 4. Bg2 Nc6 5. Nc3 e6 6. Nf3 Nge7 7. d3 a6 8. Be3 b6
9. d4 cxd4 10. Nxd4 Bb7 11. Nxc6 Nxc6 12. O-O O-O 13. Na4 d6 14. Bxb6 Qe7 15.
Qd2 Rfe8 16. Rfd1 Bf8 17. f4 Rac8 18. Rac1 Nd8 19. e4 Bc6 20. Nc3 Nb7 21. b4 Nd8
22. a4 Qb7 23. a5 e5 24. Bh3 Bd7 25. Bxd7 Qxd7 26. Nd5 Qe6 27. Nc7 Qd7 28. Nxe8
Qxe8 29. Bxd8 Rxd8 30. Qd5 exf4 31. gxf4 Qd7 32. f5 Bh6 33. Rc3 Qe7 34. c5 Bf4
35. fxg6 hxg6 36. Rf3 Qh4 37. h3 Re8 38. cxd6 Re5 39. Qa2 Rxe4 40. d7 Qd8 41.
Qd5 Rxb4 42. Re1 Kg7 43. Rxf4 Rxf4 44. Qe5+ Rf6 45. Rf1 Qxd7 46. Rxf6 Qa7+ 47.
Rb6+ Kh7 48. Qd6 Qa8 49. Qe5 Qa7 50. Qd6 Qa8 51. Qf4 Qd5 52. Qh4+ Kg7 53. Qf6+
Kh7 54. Rd6 Qc5+ 55. Rd4 Qc1+ 56. Kf2 Qc2+ 57. Ke3 Qc3+ 58. Ke4 Qb3 59. Ke5 Qe3+
60. Kd6 Qa3+ 61. Kd7 Qxh3+ 62. Ke7 Qe3+ 63. Kf8 Qh6+ 64. Kxf7 1-0

[Event "DRUZYNOWE MISTRZOSTWA POLSKI JUNIOROW - II LIGA"]
[Site "Szczyrk, CKiR Orle Gniazdo ul. Wrzosowa 28a"]
[Date "2014-07-26"]
[Round "3.87"]
[White "Gondro, Kacper"]
[Black "Gora, Szczepan"]
[Result "1-0"]
[WhiteTitle "II"]
[BlackTitle "III"]
[WhiteElo "1514"]
[BlackElo "1115"]

1. e4 e5 2. Nc3 Nf6 3. f4 d5 4. fxe5 Nxe4 5. Nf3 Nc6 6. d4 Bb4 7. Bd2 Bg4 8. Bb5
Qh4+ 9. Nxh4 Bxd1 10. Rxd1 O-O 11. Nxe4 dxe4 12. c3 Ba5 13. Bxc6 bxc6 14. Nf5
Rfe8 15. Ng3 Rad8 16. b4 Bb6 17. Bg5 Rd7 18. Rd2 Re6 19. a4 a5 20. Be3 Rd8 21.
Rf1 h6 22. Rf4 Rde8 23. b5 cxb5 24. axb5 Ra8 25. c4 c6 26. bxc6 Rxc6 27. c5 Bc7
28. Rxe4 a4 29. d5 Rca6 30. Ra2 Ba5+ 31. Bd2 Bxd2+ 32. Kxd2 Ra5 33. Rc4 Re8 34.
Raxa4 Rb5 35. Kd3 Rxe5 36. Kd4 Re8 37. Rc2 Rd8 38. Ra7 Kf8 39. d6 Rbb8 40. Kd5
Rbc8 41. Ne4 Ke8 42. c6 Kf8 43. Nc5 f6 44. Ne6+ 1-0

[Event "DRUZYNOWE MISTRZOSTWA POLSKI JUNIOROW - II LIGA"]
[Site "Szczyrk, CKiR Orle Gniazdo ul. Wrzosowa 28a"]
[Date "2014-07-26"]
[Round "3.88"]
[White "Guzik, Tomasz"]
[Black "Kucharski, Daniel"]
[Result "0-1"]
[WhiteTitle "III"]
[BlackTitle "II"]
[WhiteElo "1284"]
[BlackElo "1364"]

1. e4 e5 2. Bc4 Nc6 3. c3 Bc5 4. Nf3 Qf6 5. O-O d6 6. h3 Qg6 7. g4 h5 8. Nh2 Nf6
9. Be2 hxg4 10. Bxg4 Rxh3 11. Kg2 Nxg4 12. Nxg4 Bxg4 13. Qe1 Bd7# 0-1

[Event "DRUZYNOWE MISTRZOSTWA POLSKI JUNIOROW - II LIGA"]
[Site "Szczyrk, CKiR Orle Gniazdo ul. Wrzosowa 28a"]
[Date "2014-07-26"]
[Round "3.89"]
[White "Mielczarek, Joanna"]
[Black "Konopacka, Martyna"]
[Result "0-1"]
[WhiteTitle "I"]
[BlackTitle "I"]
[WhiteElo "1562"]
[BlackElo "1715"]

1. e4 e5 2. Nf3 Nc6 3. Bc4 Bc5 4. c3 Nf6 5. d3 a6 6. O-O O-O 7. Bg5 h6 8. Bh4 Be7
9. Nbd2 d6 10. Bb3 Nh7 11. Bg3 Be6 12. Bc2 f5 13. exf5 Bxf5 14. h3 Bg5 15. Nxg5
Nxg5 16. Bh4 Nxh3+ 17. gxh3 Qxh4 18. Ne4 Bxh3 19. Re1 Rxf2 0-1

[Event "DRUZYNOWE MISTRZOSTWA POLSKI JUNIOROW - II LIGA"]
[Site "Szczyrk, CKiR Orle Gniazdo ul. Wrzosowa 28a"]
[Date "2014-07-26"]
[Round "3.91"]
[White "Osinski, Emil"]
[Black "Kalmuk, Krzysztof"]
[Result "1-0"]
[WhiteTitle "I"]
[BlackTitle "I"]
[WhiteElo "1937"]
[BlackElo "1934"]

1. e4 d6 2. d4 Nf6 3. Nc3 Nbd7 4. Be3 e5 5. f3 c6 6. Qd2 Be7 7. Nge2 Qc7 8. Ng3
g6 9. a4 h5 10. Bc4 exd4 11. Bxd4 Nb6 12. Bb3 Be6 13. Bxe6 fxe6 14. Qg5 Kf7 15.
e5 dxe5 16. Bxe5 Qd8 17. Qf4 Nbd5 18. Nxd5 exd5 19. O-O h4 20. Ne4 dxe4 21. fxe4
Kg7 22. Rad1 Qb6+ 23. Bd4 c5 24. Bxf6+ Bxf6 25. Qxf6+ Qxf6 26. Rd7+ Kh6 27. Rxf6
Rhe8 28. Rf4 Kg5 29. g3 hxg3 30. hxg3 Rad8 31. Rd5+ Kh6 32. c4 g5 33. Rf7 b6 34.
Kf2 Rxd5 35. exd5 Re4 36. b3 Rd4 37. Rf3 Kg6 38. Ke3 g4 39. Rf4 Rxf4 40. gxf4
Kf5 41. Kf2 1-0

[Event "DRUZYNOWE MISTRZOSTWA POLSKI JUNIOROW - II LIGA"]
[Site "Szczyrk, CKiR Orle Gniazdo ul. Wrzosowa 28a"]
[Date "2014-07-26"]
[Round "3.92"]
[White "Sendobry, Adam"]
[Black "Wolniaczyk, Bartosz"]
[Result "0-1"]
[WhiteTitle "II"]
[BlackTitle "II"]
[WhiteElo "1417"]
[BlackElo "1581"]

1. e4 d5 2. exd5 Qxd5 3. Nc3 Qa5 4. Nf3 Nf6 5. Bc4 Bg4 6. d3 c6 7. h3 Bh5 8. Bd2
Qc7 9. Bg5 Nbd7 10. Bxf6 Nxf6 11. Qe2 e6 12. Ne4 Nd5 13. g3 Be7 14. a3 O-O 15.
O-O Kh8 16. c3 f5 17. Ned2 Bg5 18. Qe1 Bh6 19. Qb1 Rf6 20. Qc2 Ne3 21. Qb3 Nxf1
22. Kxf1 b5 23. Bxe6 Re8 24. Re1 Bxd2 25. Nxd2 Qe7 0-1

[Event "DRUZYNOWE MISTRZOSTWA POLSKI JUNIOROW - II LIGA"]
[Site "Szczyrk, CKiR Orle Gniazdo ul. Wrzosowa 28a"]
[Date "2014-07-26"]
[Round "3.93"]
[White "Guzik, Natalia"]
[Black "Koszewski, Daniel"]
[Result "1-0"]
[WhiteTitle "I+"]
[BlackTitle "II"]
[WhiteElo "1539"]
[BlackElo "1511"]

1. e4 c5 2. Nf3 Nc6 3. d4 cxd4 4. Nxd4 g6 5. Nc3 Bg7 6. Be3 a6 7. Qd2 Nf6 8. Be2
O-O 9. Nb3 d6 10. O-O b5 11. a3 Bb7 12. f4 Rc8 13. Bf3 Qc7 14. Qf2 Qd7 15. Rad1
b4 16. axb4 Nxb4 17. Nc5 Qc7 18. Nxb7 Qxb7 19. e5 Qb8 20. exf6 Bxf6 21. Bd4 Bxd4
22. Rxd4 Nc6 23. Rc4 Na7 24. Rxc8 Rxc8 25. Nd5 Nc6 26. Qb6 Qxb6+ 27. Nxb6 Rc7
28. Nd5 Rc8 29. Re1 e6 30. Nf6+ Kg7 31. Ne4 d5 32. Nd6 Rb8 33. c4 Nd4 34. cxd5
Nxf3+ 35. gxf3 exd5 36. Re2 Rb4 37. f5 Rb3 38. Ne8+ Kh6 39. fxg6 fxg6 40. Kg2
d4 41. f4 a5 42. Nd6 a4 43. Rd2 a3 44. bxa3 Rxa3 45. Rxd4 Ra2+ 46. Kg3 Ra3+ 47.
Kg4 Ra2 48. h4 Ra3 49. Ne8 Ra8 50. Re4 Rb8 51. Re7 Rb6 52. Rf7 Rb1 53. Nf6 Rg1+
54. Kf3 g5 55. hxg5+ Kg6 56. Rxh7 Rf1+ 57. Kg3 Rxf4 58. Rh6+ Kxg5 59. Rh5+ Kxf6
60. Kxf4 1-0

[Event "DRUZYNOWE MISTRZOSTWA POLSKI JUNIOROW - II LIGA"]
[Site "Szczyrk, CKiR Orle Gniazdo ul. Wrzosowa 28a"]
[Date "2014-07-26"]
[Round "3.95"]
[White "Wojna, Ewelina"]
[Black "Sendobry, Anna"]
[Result "1-0"]
[WhiteTitle "I"]
[BlackTitle "II"]
[WhiteElo "1565"]
[BlackElo "1368"]

1. d4 d5 2. c4 e6 3. Nc3 Nf6 4. Nf3 Be7 5. Bf4 O-O 6. e3 b6 7. cxd5 exd5 8. Bd3
Bb7 9. O-O Nbd7 10. h3 c5 11. Rc1 Re8 12. Nb5 Rc8 13. Nxa7 Ra8 14. Nb5 Rxa2 15.
Qc2 Ba6 16. Nc7 Bxd3 17. Qxd3 Rf8 18. Qb3 Ra5 19. Nxd5 Nxd5 20. Qxd5 cxd4 21.
Qxd4 Bf6 22. Qb4 Nc5 23. Rcd1 Ra4 24. Qb5 Ra5 25. Qc6 Qa8 26. Qxb6 Na4 27. Qb3
Nxb2 28. Rd7 Na4 29. Bd6 Nc5 30. Bxc5 Rxc5 31. Rfd1 Rc3 32. Qb4 Rfc8 33. Rb7 Qa2
34. Rd2 Rc2 35. Rb8 Qa1+ 36. Kh2 Be5+ 37. g3 Rxb8 38. Qxb8+ 1-0

[Event "DRUZYNOWE MISTRZOSTWA POLSKI JUNIOROW - II LIGA"]
[Site "Szczyrk, CKiR Orle Gniazdo ul. Wrzosowa 28a"]
[Date "2014-07-26"]
[Round "3.96"]
[White "Kulpa, Zuzanna"]
[Black "Bakalarczyk, Zuzanna"]
[Result "0-1"]
[WhiteTitle "I"]
[BlackTitle "II"]
[WhiteElo "1435"]
[BlackElo "1239"]

1. e4 e5 2. Nf3 Nf6 3. Nc3 Nc6 4. Bc4 Bc5 5. d3 h6 6. O-O O-O 7. Be3 Bb6 8. h3
d6 9. a4 Be6 10. Nd5 Bxd5 11. Bxd5 Nxd5 12. exd5 Ne7 13. c4 Nf5 14. Bxb6 axb6
15. d4 exd4 16. Nxd4 Qf6 17. Nxf5 Qxf5 18. Qd4 Qc2 19. Rfc1 Qf5 20. Qc3 Rfe8 21.
Kf1 Qe5 22. Qxe5 Rxe5 23. b3 Ree8 24. Re1 Kf8 25. Re2 Rxe2 26. Kxe2 Ke7 27. Kf3
Kd7 28. Re1 c6 29. dxc6+ bxc6 30. Re4 Ra5 31. Rg4 g6 32. Rf4 Ke6 33. Re4+ Re5
34. Rd4 c5 35. Rd2 d5 36. cxd5+ Rxd5 37. Re2+ Re5 38. Rd2 Rd5 39. Re2+ Re5 40.
Ra2 Rd5 41. Ra3 Rd3+ 42. Ke2 c4 43. a5 bxa5 44. Rxa5 Rxb3 45. Rc5 Rb2+ 46. Ke1
Rc2 47. g4 f5 48. gxf5+ gxf5 49. f4 h5 50. Re5+ Kf6 51. Rc5 c3 52. Kd1 Rf2 53.
Rc6+ Ke7 54. Rxc3 Rxf4 55. Rg3 Ke6 56. Ke2 Ke5 57. Ke3 Ra4 58. Kf2 Kf4 59. Rf3+
Ke5 60. Rg3 h4 61. Re3+ Re4 62. Ra3 Kf4 63. Rf3+ Kg5 64. Ra3 Rc4 65. Kf3 Rc1 66.
Kf2 Rc2+ 67. Kf3 Rd2 68. Ke3 Rg2 69. Kd4 Rg3 70. Rxg3+ hxg3 71. Ke3 Kh4 72. Kf3
Kxh3 0-1

[Event "DRUZYNOWE MISTRZOSTWA POLSKI JUNIOROW - II LIGA"]
[Site "Szczyrk, CKiR Orle Gniazdo ul. Wrzosowa 28a"]
[Date "2014-07-26"]
[Round "3.97"]
[White "Kaluzny, Tomasz"]
[Black "Bialucha, Sebastian"]
[Result "1-0"]
[WhiteTitle "I"]
[BlackTitle "II"]
[WhiteElo "1765"]
[BlackElo "1333"]

1. c4 e6 2. Nc3 d5 3. cxd5 exd5 4. d4 Nf6 5. g3 h6 6. Bg2 c6 7. Nf3 Bd6 8. O-O
O-O 9. a3 Re8 10. b4 a6 11. Qd3 b5 12. Re1 Ne4 13. Nd2 Nxc3 14. Qxc3 Ra7 15. e4
dxe4 16. Nxe4 Rd7 17. Nxd6 Rxe1+ 18. Qxe1 Rxd6 19. Bf4 Re6 20. Qc3 Bb7 21. Rc1
Nd7 22. d5 cxd5 23. Qc7 Qxc7 24. Rxc7 Bc6 25. Bh3 Re1+ 26. Kg2 Nb8 27. Rc8+ Kh7
28. Bxb8 1-0

[Event "DRUZYNOWE MISTRZOSTWA POLSKI JUNIOROW - II LIGA"]
[Site "Szczyrk, CKiR Orle Gniazdo ul. Wrzosowa 28a"]
[Date "2014-07-26"]
[Round "3.98"]
[White "Stasiowski, Karol"]
[Black "Kaluzny, Jan"]
[Result "1-0"]
[WhiteTitle "II"]
[BlackTitle "II"]
[WhiteElo "1521"]
[BlackElo "1367"]

1. e4 c5 2. d4 cxd4 3. c3 dxc3 4. Nxc3 Nc6 5. Bc4 Nf6 6. Nf3 d6 7. O-O e6 8. Qe2
Be7 9. Rd1 Bd7 10. Nb5 a6 11. Nxd6+ Bxd6 12. Rxd6 Qc7 13. Rd1 O-O 14. Bg5 Ng4
15. Rac1 f6 16. Bh4 Be8 17. Bxe6+ Bf7 18. Bxg4 Qf4 19. Bd7 Ne5 20. Nxe5 Qxh4 21.
Nxf7 Kxf7 22. Qc4+ Kg6 23. Rc3 Qf4 24. Bf5+ Kh6 25. Rh3+ Kg5 26. g4 g6 27. Rd5
Rfe8 28. Bd7+ Re5 29. Rxe5+ Qxe5 30. Qd5 h6 31. Rb3 Rb8 32. Qxe5+ fxe5 33. Rb6
h5 34. gxh5 gxh5 35. Kg2 Kf4 36. f3 h4 37. Kf2 a5 38. Rf6+ Kg5 39. Rf5+ Kg6 40.
Rxe5 Rd8 41. Rd5 Kf6 42. Ke3 Rg8 43. Rb5 Rg2 44. h3 Rg3 45. Rxa5 Ke7 46. Bg4 Rg2
47. Rb5 Rg1 48. Rxb7+ Kd6 49. a4 Ra1 50. b3 Kc6 51. Rb5 1-0

[Event "DRUZYNOWE MISTRZOSTWA POLSKI JUNIOROW - II LIGA"]
[Site "Szczyrk, CKiR Orle Gniazdo ul. Wrzosowa 28a"]
[Date "2014-07-26"]
[Round "3.99"]
[White "Niemier, Hubert"]
[Black "Komandera, Pawel"]
[Result "1/2-1/2"]
[WhiteTitle "II"]
[BlackTitle "II"]
[WhiteElo "1413"]
[BlackElo "1453"]

1. d4 e6 2. c4 d5 3. Nc3 c6 4. e4 Be7 5. Nf3 dxe4 6. Nxe4 Nf6 7. Bd3 Nbd7 8. O-O
Nb6 9. Nxf6+ Bxf6 10. Be3 O-O 11. Qc2 g6 12. Rad1 Qc7 13. Rfe1 Re8 14. g3 Nd7
15. Bf4 Qd8 16. c5 Nf8 17. Bf1 h5 18. Nd2 Qxd4 19. Nc4 Qxc5 20. Bd6 Qg5 21. Bf4
Qc5 22. Be3 Qe7 23. Nd6 Rd8 24. Ne4 Rxd1 25. Rxd1 Nd7 26. Bc5 Nxc5 27. Nxf6+ Kg7
28. Ne4 Nxe4 29. Qxe4 b6 30. Qxc6 Bb7 31. Qd7 Qxd7 32. Rxd7 Bd5 33. Bg2 Bxg2 34.
Kxg2 Kf6 35. Kf3 a6 36. Rb7 b5 37. Rb6 Ke5 38. Ke3 g5 39. Rb7 Kf6 40. f4 gxf4+
41. gxf4 Rc8 42. Ra7 Rc2 43. Rxa6 Rxb2 44. Ra5 Rxh2 45. Rxb5 Rxa2 46. Rxh5 Rg2
47. Kf3 1/2-1/2

[Event "DRUZYNOWE MISTRZOSTWA POLSKI JUNIOROW - II LIGA"]
[Site "Szczyrk, CKiR Orle Gniazdo ul. Wrzosowa 28a"]
[Date "2014-07-26"]
[Round "3.101"]
[White "Walkowiak, Bogumila"]
[Black "Klisz, Karolina"]
[Result "1-0"]
[WhiteTitle "II"]
[BlackTitle "I"]
[WhiteElo "1240"]
[BlackElo "1440"]

1. e4 e6 2. d4 d5 3. exd5 exd5 4. Bd3 Bd6 5. Ne2 Ne7 6. Bf4 O-O 7. O-O Bf5 8. c3
c6 9. Qc2 Bxd3 10. Qxd3 Ng6 11. Bxd6 Qxd6 12. Nd2 Nd7 13. Rfe1 Nf6 14. Ng3 Nf4
15. Qf3 Ne6 16. Nf5 Qc7 17. Ng3 Rfe8 18. Qf5 Re7 19. Nf3 Rae8 20. Ne5 Nd7 21.
Re2 Nxe5 22. Qxe5 Qb6 23. Nf5 Rd7 24. Qg3 f6 25. Rae1 c5 26. dxc5 Qc6 27. Nd4
Qa6 28. Rxe6 Rxe6 29. Rxe6 Qxa2 30. Qb8+ Kf7 31. Qe8# 1-0

[Event "DRUZYNOWE MISTRZOSTWA POLSKI JUNIOROW - II LIGA"]
[Site "Szczyrk, CKiR Orle Gniazdo ul. Wrzosowa 28a"]
[Date "2014-07-26"]
[Round "3.103"]
[White "Szczecina, Kamil"]
[Black "Slany, Wiktor"]
[Result "1-0"]
[WhiteTitle "I"]
[BlackTitle "II+"]
[WhiteElo "1889"]
[BlackElo "1737"]

1. Nf3 Nf6 2. g3 g6 3. Bg2 Bg7 4. O-O O-O 5. d3 d5 6. Nbd2 c5 7. e4 Nc6 8. Re1
e6 9. Qe2 b6 10. Nf1 h6 11. h4 Re8 12. e5 Nd7 13. Bf4 f6 14. exf6 Qxf6 15. Ne3
Bb7 16. Ng4 Qf8 17. Qd2 Kh7 18. Nge5 Ndxe5 19. Nxe5 Qf5 20. g4 Qf8 21. Qe3 Nb4
22. Re2 d4 23. Qg3 Bxg2 24. Kxg2 Nd5 25. Bd2 Qd6 26. Rae1 Re7 27. Nc4 Qc6 28.
Kg1 Rd8 29. Qf3 Rf8 30. Qe4 e5 31. h5 Re6 32. g5 Nf4 33. Bxf4 Rxf4 34. Qxf4 exf4
35. Rxe6 Qf3 36. hxg6+ Kg8 37. Re8+ Bf8 38. Ne5 Qh3 39. gxh6 Qxh6 40. Nd7 Qxg6+
41. Kf1 1-0

[Event "DRUZYNOWE MISTRZOSTWA POLSKI JUNIOROW - II LIGA"]
[Site "Szczyrk, CKiR Orle Gniazdo ul. Wrzosowa 28a"]
[Date "2014-07-26"]
[Round "3.104"]
[White "Blaszczak, Jedrzej"]
[Black "Stemplewski, Kamil"]
[Result "1/2-1/2"]
[WhiteTitle "II"]
[BlackTitle "II"]
[WhiteElo "1569"]
[BlackElo "1535"]

1. e4 c5 2. Nf3 d6 3. d4 cxd4 4. Nxd4 Nf6 5. Nc3 a6 6. Bc4 e6 7. Bb3 Be7 8. g4
e5 9. Nf5 Bxf5 10. gxf5 Qc7 11. Rg1 g6 12. fxg6 hxg6 13. Rg2 Nc6 14. Be3 Kf8 15.
Qf3 Kg7 16. O-O-O Rac8 17. Kb1 b5 18. Nd5 Nxd5 19. Bxd5 Bf6 20. Qe2 Rh4 21. f3
Nd4 22. Qf2 a5 23. Bxd4 exd4 24. Rxd4 Bxd4 25. Qxh4 Qc5 26. Qf4 Rc7 27. Qd2 a4
28. h4 a3 29. h5 Be3 30. Qe1 Qd4 31. c3 Qd3+ 32. Ka1 axb2+ 33. Kxb2 Rxc3 34. hxg6
fxg6 35. Qg3 g5 36. Qxd6 Rc2+ 37. Rxc2 Bd4+ 38. Kc1 Qf1+ 39. Kd2 Qf2+ 40. Kc1
Qf1+ 41. Kd2 1/2-1/2

[Event "DRUZYNOWE MISTRZOSTWA POLSKI JUNIOROW - II LIGA"]
[Site "Szczyrk, CKiR Orle Gniazdo ul. Wrzosowa 28a"]
[Date "2014-07-26"]
[Round "3.106"]
[White "Skowron, Mateusz"]
[Black "Kulak, Tomasz"]
[Result "1/2-1/2"]
[WhiteTitle "I"]
[BlackTitle "II"]
[WhiteElo "1395"]
[BlackElo "1299"]

1. f4 c5 2. Nf3 Nc6 3. e3 d5 4. Bb5 Bd7 5. Bxc6 Bxc6 6. b3 Nf6 7. Bb2 e6 8. O-O
Bd6 9. Qe1 O-O 10. d3 b5 11. Nbd2 a5 12. Qh4 Be7 13. Qh3 a4 14. Ng5 d4 15. e4
h6 16. Ngf3 Qc7 17. Rad1 Rfd8 18. Kh1 axb3 19. axb3 Ra2 20. Rb1 Rda8 21. Ne5 Bd8
22. Rf3 Qb7 23. Rg3 Kh8 24. Ng4 Nxg4 25. Qxg4 g6 26. f5 exf5 27. exf5 h5 28. Qf4
Kh7 29. fxg6+ fxg6 30. Qd6 Be8 31. Ne4 Rxb2 32. Rf1 Rba2 33. Qf8 Ra1 34. Rgf3
Rxf1+ 35. Rxf1 Qe7 36. Ng5+ Qxg5 37. Rf7+ Bxf7 38. Qxf7+ Kh8 39. Qf8+ Kh7 40.
Qf7+ Kh8 1/2-1/2

[Event "DRUZYNOWE MISTRZOSTWA POLSKI JUNIOROW - II LIGA"]
[Site "Szczyrk, CKiR Orle Gniazdo ul. Wrzosowa 28a"]
[Date "2014-07-26"]
[Round "3.107"]
[White "Kotula, Magdalena"]
[Black "Kubicka, Anna"]
[Result "0-1"]
[WhiteTitle "I+"]
[BlackTitle "I++"]
[WhiteElo "1613"]
[BlackElo "1760"]

1. e4 d6 2. f4 e5 3. Nf3 Bg4 4. Bc4 Nd7 5. O-O Ngf6 6. d4 Be7 7. fxe5 dxe5 8. dxe5
Bxf3 9. Qxf3 Nxe5 10. Qb3 Qd4+ 11. Be3 Qxc4 12. Qxb7 Qxe4 13. Qxe4 Nxe4 14. Re1
f5 15. Bd4 Ng6 16. g4 Nh4 17. Re3 Bg5 18. Rb3 O-O 19. Nc3 Nf3+ 0-1

[Event "DRUZYNOWE MISTRZOSTWA POLSKI JUNIOROW - II LIGA"]
[Site "Szczyrk, CKiR Orle Gniazdo ul. Wrzosowa 28a"]
[Date "2014-07-26"]
[Round "3.108"]
[White "Gil, Oliwia"]
[Black "Gredka, Dominika"]
[Result "0-1"]
[WhiteTitle "II"]
[BlackTitle "I"]
[WhiteElo "1307"]
[BlackElo "1491"]

1. e4 e5 2. Nf3 Nc6 3. d4 exd4 4. Nxd4 Nf6 5. Nxc6 bxc6 6. Bd3 Bc5 7. Nc3 O-O 8.
O-O h6 9. Bf4 Re8 10. Qf3 d6 11. h3 Bd7 12. Rad1 Rb8 13. Na4 Bd4 14. c3 Be5 15.
Bxe5 Rxe5 16. b3 Qe7 17. Qe3 Ra8 18. f3 Nh5 19. Qd2 Rg5 20. Kh2 Qf6 21. Rf2 Nf4
22. Nb2 Rh5 23. Bf1 c5 24. Nd3 Ng6 25. Re1 Rd8 26. g4 Rh4 27. Re3 h5 28. Kg1 Nf4
29. Rh2 Re8 30. Qe1 Nxd3 31. Rxd3 Re6 32. Qg3 Re5 33. Re3 Bc6 34. Rf2 hxg4 35.
fxg4 Qe7 36. Rfe2 Rh6 37. Bg2 Rhe6 38. Qf4 d5 39. Kf2 Rf6 0-1

[Event "DRUZYNOWE MISTRZOSTWA POLSKI JUNIOROW - II LIGA"]
[Site "Szczyrk, CKiR Orle Gniazdo ul. Wrzosowa 28a"]
[Date "2014-07-26"]
[Round "3.109"]
[White "Chmielarz, Maciej"]
[Black "Czerw, Dawid"]
[Result "0-1"]
[WhiteTitle "I"]
[BlackTitle "I++"]
[WhiteElo "1862"]
[BlackElo "1993"]

1. d4 d5 2. c4 c6 3. Nc3 Nf6 4. Bf4 dxc4 5. e4 b5 6. a4 b4 7. Na2 e6 8. f3 Ba6
9. Rc1 b3 10. Nc3 Bb4 11. Nh3 Nbd7 12. Be2 c5 13. d5 e5 14. Be3 Nb6 15. O-O Bxc3
16. Rxc3 Nxa4 17. Rxb3 cxb3 18. Bxa6 Rb8 19. Qe2 O-O 20. Bb5 Qa5 21. Bc6 c4 22.
Ra1 Rb4 23. Qe1 c3 24. Rxa4 Rxa4 25. Bxa4 Qxa4 26. Qxc3 Nd7 27. Nf2 Qa1+ 28. Bc1
Nb6 29. Nd3 Rc8 30. Qxe5 Rxc1+ 31. Nxc1 Qxc1+ 32. Kf2 Qc5+ 33. Kg3 Qc8 34. d6
h6 35. f4 f6 36. Qb5 Qe6 37. e5 Nd7 38. Qa5 fxe5 39. Qd8+ Kf7 40. f5 Qxd6 41.
f6 gxf6 42. Qh8 Qf8 0-1